MARC

LEADER 00000nam0a2200000 4500
001 158883
005 20231101222053.0
035 |a (RuTPU)RU\TPU\book\172315 
090 |a 158883 
100 |a 20090429d1999 k y0rusy50 ca 
101 0 |a rus 
102 |a RU 
105 |a y l 000zy 
200 1 |a Нормы расхода МТР для обслуживания и РЭН теплотехнического оборудования и теплотрасс  |e сборник  |f исполн. исслед. В. И. Заборин, В. П. Зотов, М. К. Кострикова 
210 |a Москва  |c ВНИИОЭНГ  |d 1999 
215 |a 45 с. 
606 1 |a Теплотехника промышленная  |2 stltpush  |3 (RuTPU)RU\TPU\subj\59807  |9 77305 
606 1 |a Тепловые сети  |x Эксплуатация  |2 stltpush  |3 (RuTPU)RU\TPU\subj\59590  |9 77100 
610 1 |a теплотрассы 
610 1 |a теплотехническое оборудование 
610 1 |a котлы 
610 1 |a котельно-вспомогательное оборудование 
610 1 |a ремонт 
610 1 |a материалы 
610 1 |a материалы 
610 1 |a техническое обслуживание 
610 1 |a компрессоры 
610 1 |a холодильная техника 
610 1 |a тепловой контроль 
610 1 |a электроизмерительные приборы 
610 1 |a расход 
610 1 |a нормы 
675 |a 621.1  |v 3 
675 |a 697.34  |v 3 
702 1 |a Заборин  |b В. И.  |4 595 
702 1 |a Зотов  |b В. П.  |4 595 
702 1 |a Кострикова  |b М. К.  |4 595 
801 1 |a RU  |b 63413507  |c 20090429  |g PSBO 
801 2 |a RU  |b 63413507  |c 20091027  |g RCR 
942 |c BK 
959 |a 56/20090428  |d 1  |e 4800,00  |f ЧЗТЛ:1